| 000 | 00660nam a2200229Ia 4500 | ||
|---|---|---|---|
| 003 | OSt | ||
| 005 | 20220925230628.0 | ||
| 006 | a|||||r|||| 00| 0 | ||
| 007 | ta | ||
| 008 | 220923b |||||||| |||| 00| 0 eng d | ||
| 037 | _cGeneral Book | ||
| 040 |
_aRTL _cRTL _beng |
||
| 041 |
_2eng _aeng |
||
| 082 | _aX.1.N8, N0 | ||
| 100 |
_aWolfers Michael Tr. _9293965 |
||
| 245 | 0 |
_aDelinking _b Towards a polycentric world. Tr by Mich |
|
| 260 |
_aLondon _bZed Books _c1990 |
||
| 300 |
_axvi, 194p _ccm. |
||
| 650 | _aEconomic Condition International | ||
| 942 |
_hX.1.N8, N0 _cGB _2CC |
||
| 999 |
_c586160 _d586160 |
||